000 00623nam a2200253Ia 4500
003 OSt
005 20221005083753.0
006 a|||||r|||| 00| 0
007 ta
008 221004b |||||||| |||| 00| 0 eng d
020 _a8185990670
024 _a79214
037 _cTextual
040 _aCRL
_cCRL
_beng
041 _2eng
_aeng
082 _aQ1, N2
100 _aGoel Sita Ram
245 0 _aHindu society under siege
260 _aNew Delhi
_bVoice of India India
_c1992
300 _a45p.
_ccm.
650 _aRELIGION
942 _hQ1, N2
_cTEXL
_2cc
999 _c991511
_d991511